000 00360nam a2200121Ia 4500
008 220204s9999 xx 000 0 und d
082 _a575:631.52
_bNAM
100 _aNamkoong, G
245 0 _aTree breeding : Principles and strategies
260 _aNew York
_bSpringer-Verlag
_c1988
490 _aMonographs on theoretical and applied genetics V11
942 _cBK
999 _c41229
_d41229